Planning policy guidance: general policy and principles. (Record no. 94158)

MARC details
000 -LEADER
fixed length control field 00839cam a2200253 4500
008 - FIXED-LENGTH DATA ELEMENTS--GENERAL INFORMATION
fixed length control field 090401t1992 xxu||||| |||| 00| 0 eng d
020 ## - INTERNATIONAL STANDARD BOOK NUMBER
International Standard Book Number 0117526304
035 ## - SYSTEM CONTROL NUMBER
System control number (Sirsi) u59517
041 ## - LANGUAGE CODE
Language code of text/sound track or separate title eng
050 ## - LIBRARY OF CONGRESS CALL NUMBER
Classification number 711.1
110 ## - MAIN ENTRY--CORPORATE NAME
Corporate name or jurisdiction name as entry element United Kingdom
Subordinate unit Department of the Environment
9 (RLIN) 982
245 ## - TITLE STATEMENT
Title Planning policy guidance: general policy and principles.
250 ## - EDITION STATEMENT
Edition statement 2nd ed.
260 ## - PUBLICATION, DISTRIBUTION, ETC.
Place of publication, distribution, etc. London
Name of publisher, distributor, etc. HMSO
Date of publication, distribution, etc. 1992
300 ## - PHYSICAL DESCRIPTION
Extent (9)p. ; 30cm.
350 ## - PRICE (NR) (BK AM CF MU VM SE) [OBSOLETE]
Price 2.75
490 ## - SERIES STATEMENT
Series statement PPG
Volume/sequential designation 1
520 ## - SUMMARY, ETC.
Summary, etc. A revision of PPG1, first published in January 1988, which reflects the changes brought about by the Planning and Compensation Act 1991 and the White Paper "This Common Inheritance".
650 ## - SUBJECT ADDED ENTRY--TOPICAL TERM
Topical term or geographic name entry element PPG1
690 ## - LOCAL SUBJECT ADDED ENTRY--TOPICAL TERM (OCLC, RLIN)
Topical term or geographic name as entry element PLANNING LAW AND PRACTICE
710 ## - ADDED ENTRY--CORPORATE NAME
Corporate name or jurisdiction name as entry element United Kingdom
Subordinate unit Welsh Office
9 (RLIN) 1214
942 ## - ADDED ENTRY ELEMENTS (KOHA)
Suppress in OPAC 0
948 ## - LOCAL PROCESSING INFORMATION (OCLC); SERIES PART DESIGNATOR (RLIN)
c (OCLC) 04/03/1997
Holdings
Withdrawn status Lost status Source of classification or shelving scheme Damaged status Not for loan Home library Current library Shelving location Date acquired Cost, normal purchase price Total Checkouts Full call number Barcode Date last seen Copy number Cost, replacement price Price effective from Koha item type Date last checked out
    Dewey Decimal Classification     London London Basement 24/03/1992 2.75   RES. SHELF 323 30032487 06/08/2019 1 2.75 06/08/2019 Book  
    Dewey Decimal Classification     London London Basement 24/03/1992 2.75 1 RES. SHELF 323 30032489 06/08/2019 2 2.75 06/08/2019 Book 15/12/1999